[Event "Niedersachsen-ch op-A"]
[Site "Verden an der Aller"]
[Date "2020.01.05"]
[Round "7"]
[White "Laubrock, Paul"]
[Black "Benning, Michael"]
[Result "1/2-1/2"]
[WhiteElo "1942"]
[BlackElo "1905"]
[PlyCount "66"]
[EventDate "2020.01.02"]
[EventType "swiss"]
[EventRounds "7"]
[EventCountry "GER"]
[SourceTitle "EXT 2023"]
[Source "ChessBase"]
[SourceDate "2022.10.05"]
[SourceVersion "1"]
[SourceVersionDate "2022.10.05"]
[SourceQuality "1"]

1. d4 d6 2. Nc3 Nf6 3. e4 e5 4. Nge2 exd4 5. Nxd4 Be7 6. f3 0-0 7. Be3 a6 8. Qd2 Nc6 9. Be2 Nxd4 10. Bxd4 Re8 11. 0-0 b5 12. a4 b4 13. Nd5 Nxd5 14. exd5 a5 15. Bb5 Bd7 16. c3 Bxb5 17. axb5 Qb8 18. cxb4 Qxb5 19. bxa5 Qxd5 20. Qc3 Bf8 21. Rfd1 Qb7 22. Qd3 Qa6 23. b4 Qxd3 24. Rxd3 Reb8 25. Bc3 Rb5 26. Kf2 Ra6 27. Ke3 g6 28. Kd2 d5 29. Ra4 Bd6 30. h3 f5 31. Kc2 Kf7 32. Bd2 Ke6 33. Kc3 Be5+ 1/2-1/2

[Event "Niedersachsen-ch op-A"]
[Site "Verden an der Aller"]
[Date "2020.01.02"]
[Round "2"]
[White "Hoellmann, Ludger"]
[Black "Benning, Michael"]
[Result "1-0"]
[WhiteElo "2055"]
[BlackElo "1905"]
[PlyCount "42"]
[EventDate "2020.01.02"]
[EventType "swiss"]
[EventRounds "7"]
[EventCountry "GER"]
[SourceTitle "EXT 2023"]
[Source "ChessBase"]
[SourceDate "2022.10.05"]
[SourceVersion "1"]
[SourceVersionDate "2022.10.05"]
[SourceQuality "1"]

1. Nf3 d6 2. d4 Nf6 3. c4 Nbd7 4. Nc3 e5 5. e4 Be7 6. Be2 0-0 7. 0-0 c6 8. Re1 Qc7 9. Bf1 Re8 10. g3 a6 11. h3 Bf8 12. a3 b6 13. Bg2 Bb7 14. d5 cxd5 15. cxd5 b5 16. Be3 Nb6 17. Nd2 Qd8 18. Bf1 Nfd7 19. b4 f5 20. exf5 Kh8 21. Bg2 Nc4 1-0

[Event "Niedersachsen-ch op-B"]
[Site "Verden"]
[Date "2017.01.06"]
[Round "4"]
[White "Benning, Michael"]
[Black "Poelig, Juergen"]
[Result "1/2-1/2"]
[WhiteElo "1852"]
[BlackElo "1894"]
[PlyCount "35"]
[EventDate "2017.01.05"]
[EventType "swiss"]
[EventRounds "7"]
[EventCountry "GER"]
[SourceTitle "CBM 187 Extra"]
[Source "ChessBase"]
[SourceDate "2018.11.04"]
[SourceVersion "1"]
[SourceVersionDate "2018.11.04"]
[SourceQuality "1"]

1. d4 e6 2. Bf4 d5 3. e3 c5 4. c3 Nc6 5. Nd2 Bd7 6. Bd3 Be7 7. Ngf3 f5 8. Qe2 Nf6 9. h3 0-0 10. 0-0-0 c4 11. Bc2 b5 12. Ne5 b4 13. Nxc6 Bxc6 14. cxb4 Bxb4 15. g4 c3 16. Nb3 cxb2+ 17. Kxb2 Ne4 18. gxf5 1/2-1/2